| 000 | 00780nam a2200277 a 4500 | ||
|---|---|---|---|
| 001 | 73118 | ||
| 003 | BD-RjUL | ||
| 005 | 20211209082342.0 | ||
| 008 | 170528s1974 enka b 001 0 eng | ||
| 020 | _a0408001305 | ||
| 035 | _a(BD-RjUL)73336 | ||
| 040 |
_aDLC _cDLC _dBD-RjUL _beng |
||
| 041 | _aeng | ||
| 082 |
_a621.381534 _223 _bTOE 1974 |
||
| 100 | 1 |
_aTowers, T. D., _d1914- _9163685 |
|
| 245 | 1 | 0 |
_aElements of transistor pulse circuits / _cT. D. Towers. |
| 250 | _a2nd ed. | ||
| 260 |
_aLondon : _bNewnes-Butterworths, _c1974. |
||
| 300 |
_a198 p. : _bill. ; _c23 cm. |
||
| 500 | _aIncludes index. | ||
| 500 | _aIncludes index. | ||
| 504 | _aBibliography: p. 186. | ||
| 650 | 0 |
_aPulse circuits. _9117576 |
|
| 650 | 0 |
_aTransistor circuits. _9216290 |
|
| 942 |
_2ddc _cBK |
||
| 999 |
_c73118 _d73118 |
||